The future of the financial exchanges (Record no. 138814)
[ view plain ]
| 000 -LEADER | |
|---|---|
| fixed length control field | 02068cam a2200421Ia 4500 |
| 001 - CONTROL NUMBER | |
| control field | vtls003220104 |
| 003 - CONTROL NUMBER IDENTIFIER | |
| control field | MY-SjTCS |
| 005 - DATE AND TIME OF LATEST TRANSACTION | |
| control field | 20200508124521.0 |
| 006 - FIXED-LENGTH DATA ELEMENTS--ADDITIONAL MATERIAL CHARACTERISTICS | |
| fixed length control field | m d |
| 007 - PHYSICAL DESCRIPTION FIXED FIELD--GENERAL INFORMATION | |
| fixed length control field | cr cn||||||||| |
| 008 - FIXED-LENGTH DATA ELEMENTS--GENERAL INFORMATION | |
| fixed length control field | 110707s2009 maua ob 001 0 eng d |
| 020 ## - INTERNATIONAL STANDARD BOOK NUMBER | |
| International Standard Book Number | 9780123744210 |
| 020 ## - INTERNATIONAL STANDARD BOOK NUMBER | |
| International Standard Book Number | 0123744210 |
| 035 ## - SYSTEM CONTROL NUMBER | |
| System control number | (OCoLC)318353799 |
| 035 ## - SYSTEM CONTROL NUMBER | |
| System control number | (OCoLC)ocn318353799 |
| 037 ## - SOURCE OF ACQUISITION | |
| Stock number | 154190:154350 |
| Source of stock number/acquisition | Elsevier Science & Technology |
| Note | http://www.sciencedirect.com |
| 039 #9 - LEVEL OF BIBLIOGRAPHIC CONTROL AND CODING DETAIL [OBSOLETE] | |
| Level of rules in bibliographic description | 201107071654 |
| Level of effort used to assign nonsubject heading access points | azura |
| -- | 201107071622 |
| -- | azura |
| 040 ## - CATALOGING SOURCE | |
| Original cataloging agency | OPELS |
| Language of cataloging | eng |
| Transcribing agency | OPELS |
| Modifying agency | CDX |
| 049 ## - LOCAL HOLDINGS (OCLC) | |
| Holding library | TEFA |
| 050 14 - LIBRARY OF CONGRESS CALL NUMBER | |
| Classification number | HG3821 |
| Item number | .S54 2009 |
| 082 04 - DEWEY DECIMAL CLASSIFICATION NUMBER | |
| Classification number | 332.45 |
| Edition number | 22 |
| 100 1# - MAIN ENTRY--PERSONAL NAME | |
| Personal name | Skeete, Herbert C. |
| 245 14 - TITLE STATEMENT | |
| Title | The future of the financial exchanges |
| Medium | [electronic resource] : |
| Remainder of title | insights and analysis from the Mondo Visione Exchange Forum / |
| Statement of responsibility, etc. | Herbie Skeete. |
| 260 ## - PUBLICATION, DISTRIBUTION, ETC. | |
| Place of publication, distribution, etc. | Burlington, MA : |
| Name of publisher, distributor, etc. | MondoVisione/Elsevier, |
| Date of publication, distribution, etc. | c2009. |
| 300 ## - PHYSICAL DESCRIPTION | |
| Extent | xii, 150 p. : |
| Other physical details | ill. ; |
| Dimensions | 24 cm. |
| 490 1# - SERIES STATEMENT | |
| Series statement | The Elsevier and Mondo Visione world capital markets series |
| 504 ## - BIBLIOGRAPHY, ETC. NOTE | |
| Bibliography, etc. note | Includes bibliographical references and index. |
| 505 0# - FORMATTED CONTENTS NOTE | |
| Formatted contents note | Sections: I. A Relentless Pace of Change; II. Demutualization; III. The Next Set of Challenges; IV. New Possibilities. |
| 533 ## - REPRODUCTION NOTE | |
| Type of reproduction | Electronic reproduction. |
| Place of reproduction | Amsterdam : |
| Agency responsible for reproduction | Elsevier Science & Technology, |
| Date of reproduction | 2009. |
| Note about reproduction | Mode of access: World Wide Web. |
| -- | System requirements: Web browser. |
| -- | Title from title screen (viewed on Apr. 10, 2009). |
| -- | Access may be restricted to users at subscribing institutions. |
| 650 #0 - SUBJECT ADDED ENTRY--TOPICAL TERM | |
| Topical term or geographic name entry element | Foreign exchange |
| General subdivision | Forecasting. |
| 655 #7 - INDEX TERM--GENRE/FORM | |
| Genre/form data or focus term | Electronic books. |
| Source of term | local |
| 710 2# - ADDED ENTRY--CORPORATE NAME | |
| Corporate name or jurisdiction name as entry element | ScienceDirect (Online service) |
| 9 (RLIN) | 51491 |
| 776 1# - ADDITIONAL PHYSICAL FORM ENTRY | |
| Qualifying information | Original |
| International Standard Book Number | 9780123744210 |
| -- | 0123744210 |
| Record control number | (OCoLC)229025947 |
| 830 #0 - SERIES ADDED ENTRY--UNIFORM TITLE | |
| Uniform title | Elsevier and Mondo Visione world capital markets series. |
| 856 40 - ELECTRONIC LOCATION AND ACCESS | |
| Uniform Resource Identifier | https://ezproxy.taylors.edu.my/login?url=http://www.sciencedirect.com/science/book/9780123744210 |
| Public note | An electronic book accessible through the World Wide Web; click for information |
| 938 ## - | |
| -- | Coutts Information Services |
| -- | COUT |
| -- | 14597063 |
| -- | 59.95 USD |
| 994 ## - | |
| -- | C0 |
| -- | TEF |
| Withdrawn status | Lost status | Source of classification or shelving scheme | Damaged status | Not for loan | Home library | Current library | Date acquired | Cost, normal purchase price | Total Checkouts | Date last seen | Price effective from | Koha item type | Public note |
|---|---|---|---|---|---|---|---|---|---|---|---|---|---|
| Dewey Decimal Classification | e-book | Taylor's Library-TU | Taylor's Library - Perpetual(TU) | 20/02/2020 | 177.59 | 20/02/2020 | 20/02/2020 | Main Collection | TBSxx,44001,03,CL,PPT |